00860nam a2200217 a 450000100100000000500170001000800410002704000250006810000220009324500650011525000110018026000310019130000190022250000730024159000760031470000240039070000240041404900090043895201780044799900170062500003583520200930074642.0111115s1963 es 000 0 spa d aDO-SdBNPbspacBNPHU1 aEy, Henri.96180510aManuel de psychiatrie /cHenri Ey, P. Bernardo, Ch. Brisset. a2a ed. aParis :bMasson et,c1963. a1015 ;c23 cm. aIncluye referencias bibliográficas y notas al pie de las páginas aPerteneció a la biblioteca personal de Juan Isidro Jimenes Grullón.1 aBernardo, P.9618061 aBrisset, Ch.961807 aBNPD 001050718MOaGRbGRcCTd2011-11-15iLF1l0o p35835-10r2020-06-25w2020-06-25y1zPerteneció a la biblioteca personal de Juan Isidro Jimenes Grullón.ZNo se presta c35326d35326